| 000 | 00640nam a22002057a 4500 | ||
|---|---|---|---|
| 003 | BD-DhJNU | ||
| 005 | 20250318034843.0 | ||
| 008 | 250318b |||||||| |||| 00| 0 eng d | ||
| 020 | _a8183243320 | ||
| 040 |
_aBD-DhJNU _bENG _cBD-DhJNU _dBD-DhJNU |
||
| 082 |
_223 _a301 DCC |
||
| 100 | _aD. C. Nanjunda | ||
| 245 |
_aContemporary studies in anthropology : _ba reading / _cNanjunda D. C. |
||
| 260 |
_aNew Delhi : _bMittal Publications, _c2010. |
||
| 300 |
_ax, 266p. : _bill. ; _c22 cm |
||
| 504 | _aIncludes bibliographies and index | ||
| 650 | _aAnthropology | ||
| 650 | _aIndia Scheduled tribes Social conditions | ||
| 942 |
_2ddc _cBK _n0 |
||
| 999 |
_c1496 _d1496 |
||